| 000 | 01239naa a22003137a 4500 | ||
|---|---|---|---|
| 001 | BR8106554 | ||
| 003 | BR-BrBNA | ||
| 005 | 20240918175011.0 | ||
| 007 | ta | ||
| 008 | 230509b bl.||||| |||| 00| 0 por d | ||
| 040 |
_aBR-BrBNA _bpor _cBiblioteca Nacional de Agricultura |
||
| 041 | _a(Pt) | ||
| 072 |
_aM40 _b8310 _bG514 |
||
| 090 | _aM40 BR8106554 | ||
| 100 | 1 | _aMartino, R.C. | |
| 111 | 1 |
_a2. Congresso Brasileiro de Engenharia de Pesca _cRecife, PE (Brazil) _dJul 1981 |
|
| 245 | 1 | _aInducao de maturacao em Penaeus (Farfantepeneaus)paulensis Perez Farfante, 1967 e Penaeus (Farfantepenaeus)Brasiliensis Latreille, 1817, atraves da ablacao do pedunculo ocular [camarao rosa, Rio de Janeiro, Brasil] | |
| 260 | 3 |
_aRecife, PE (Brasil): _c1981. |
|
| 500 | _aAnais do 2. Congresso Brasileiro de Engenharia de Pesca Recife, PE (Brasil): 1981. p. 175-177 (BR8106554-AM)M40 | ||
| 650 | _aCAMARAO ROSA | ||
| 650 | _aOVARIO | ||
| 650 | _aMATURIDADE SEXUAL | ||
| 650 | _aDESOVA | ||
| 650 | _aLABORATORIO | ||
| 650 | _aRIO DE JANEIRO | ||
| 773 | 0 |
_tAnais do 2. Congresso Brasileiro de Engenharia de Pesca _b _wM40 BR8106554 _gRecife, PE (Brasil), 1981. p. 175-177 |
|
| 909 |
_a202404 _bLucia _c55 _dLucia Elande |
||
| 942 |
_cAM _2AGRIS |
||
| 999 |
_c314521 _d314521 |
||